ˆThe ‰Soviet Far East (Запись № 9240687)

Подробности
000 -МАРКЕР
контрольное поле 00968nam0a22002771 4500
001 - ИДЕНТИФИКАТОР ЗАПИСИ
контрольное поле RU\INFOCOMM_322\NLR\5000233619
005 - ИДЕНТИФИКАТОР ВЕРСИИ
контрольное поле 20250613111520.0
035 ## - ДРУГИЕ СИСТЕМНЫЕ НОМЕРА
Идентификатор записи (NLR Aleph) 009589298
100 ## - ДАННЫЕ ОБЩЕЙ ОБРАБОТКИ
Данные общей обработки 20130315d1939 |||y0rusy50 ca
101 0# - ЯЗЫК РЕСУРСА
Язык текста, звукозаписи и т.д. английский
102 ## - СТРАНА ПУБЛИКАЦИИ ИЛИ ПРОИЗВОДСТВА
Страна публикации российская федерация
105 ## - ПОЛЕ КОДИРОВАННЫХ ДАННЫХ: ТЕКСТОВЫЕ МАТЕРИАЛЫ, МОНОГРАФИЧЕСКИЕ
Кодированные данные о монографическом текстовом документе a z |||||
200 1# - ЗАГЛАВИЕ И СВЕДЕНИЯ ОБ ОТВЕТСТВЕННОСТИ
Основное заглавие ˆThe ‰Soviet Far East
Первые сведения об ответственности By Paulina Ossipenko ...
210 ## - ПУБЛИКАЦИЯ, РАСПРОСТРАНЕНИЕ И ДР.
Место издания, распространения и т.д. [Moscow]
Имя издателя, распространителя и т. д. Foreign languages publishing house
Дата издания, распространения и т.д. [1939]
215 ## - ФИЗИЧЕСКАЯ ХАРАКТЕРИСТИКА
Специфическое обозначение материала и объем 46 с.
Другие сведения о физической характеристике ил.
Размеры 14 см
601 12 - НАИМЕНОВАНИЕ ОРГАНИЗАЦИИ КАК ПРЕДМЕТ
Начальный элемент ввода ˆ"‰Родина", аэроплан
Структурное подразделение организации Беспосадочный перелет Москва - Дальний Восток
Дата проведения временной организации 1938
Код системы nlr_sh1
606 ## - НАИМЕНОВАНИЕ ТЕМЫ КАК ПРЕДМЕТ
Наименование темы ˆ"‰Родина"
Код системы nlr_sh1
607 ## - ГЕОГРАФИЧЕСКОЕ НАИМЕНОВАНИЕ КАК ПРЕДМЕТ
Географическое наименование Дальне-Восточный край
Формальный подзаголовок Очерки
Код системы nlr_sh1
620 ## - МЕСТО И ДАТА ПУБЛИКАЦИИ, ИСПОЛНЕНИЯ И Т. Д.
Страна Москва
700 #1 - ИМЯ ЛИЦА - ПЕРВИЧНАЯ ОТВЕТСТВЕННОСТЬ
Начальный элемент ввода Osipenko
Часть имени, кроме начального элемента ввода P. D.
Расширение инициалов личного имени Polina Denisovna
801 #1 - ИСТОЧНИК ЗАПИСИ
Страна российская федерация
Организация Infocomm
Дата составления 20130315
801 #0 - ИСТОЧНИК ЗАПИСИ
Страна российская федерация
Организация INFOCOMM
Правила каталогизации PSBO
852 ## - МЕСТОНАХОЖДЕНИЕ И ШИФР ХРАНЕНИЯ
Идентификатор организации NLR
Шифр хранения (Call Number) D8/1650
942 ## - ДОПОЛНИТЕЛЬНЫЕ ЭЛЕМЕНТЫ ЗАПИСИ (АБИС)
Тип экземпляра АБИС Книга
980 ## - КОЛЛЕКЦИЯ
Название коллекции Национальная библиография
Экземпляры
Тип экземпляра Дата поступления Библиотека постоянного хранения Библиотека текущего хранения Место хранения Шифр хранения Штрих-код Статус не для выдачи
Книга 26.10.2013 РНБ (Садовая) РНБ (Садовая) Иностранный книжный фонд, главное здание (Садовая) D8/1650 9589298-10